Uchchatar madhyamik rajniti bigyan (XII)/ (Record no. 11965)

MARC details
000 -LEADER
fixed length control field 00756nam a22002417a 4500
005 - DATE AND TIME OF LATEST TRANSACTION
control field 20240919095523.0
008 - FIXED-LENGTH DATA ELEMENTS--GENERAL INFORMATION
fixed length control field 240919b |||||||| |||| 00| 0 eng d
020 ## - INTERNATIONAL STANDARD BOOK NUMBER
International Standard Book Number 9788192016078
040 ## - CATALOGING SOURCE
Original cataloging agency IN-DiNC
Transcribing agency IN-DiNC
041 ## - LANGUAGE CODE
Language code of sung or spoken text Assamese
082 ## - DEWEY DECIMAL CLASSIFICATION NUMBER
Classification number 320
Item number SHA
100 ## - MAIN ENTRY--PERSONAL NAME
Personal name Sharma, Durgakanta
Relator term Author
245 ## - TITLE STATEMENT
Title Uchchatar madhyamik rajniti bigyan (XII)/
Statement of responsibility, etc. by Durgakanta Sharma, Rofique Zaman and Manas Pratim Baruah
250 ## - EDITION STATEMENT
Edition statement 16th ed.
260 ## - PUBLICATION, DISTRIBUTION, ETC.
Place of publication, distribution, etc. Guwahati:
Name of publisher, distributor, etc. Assam book depot,
Date of publication, distribution, etc. 2024.
300 ## - PHYSICAL DESCRIPTION
Extent xii, 347p.
650 ## - SUBJECT ADDED ENTRY--TOPICAL TERM
Topical term or geographic name entry element Contemporary world politics
650 ## - SUBJECT ADDED ENTRY--TOPICAL TERM
Topical term or geographic name entry element Politics in India since independence
650 ## - SUBJECT ADDED ENTRY--TOPICAL TERM
Topical term or geographic name entry element Political science (XII)
700 ## - ADDED ENTRY--PERSONAL NAME
Personal name Zaman, Rofique
Relator term Author
700 ## - ADDED ENTRY--PERSONAL NAME
Personal name Baruah, Manas Pratim
Relator term Author
942 ## - ADDED ENTRY ELEMENTS (KOHA)
Source of classification or shelving scheme Dewey Decimal Classification
Koha item type Books
Holdings
Withdrawn status Lost status Source of classification or shelving scheme Damaged status Not for loan Collection code Home library Current library Shelving location Date acquired Cost, normal purchase price Total Checkouts Full call number Barcode Date due Date last seen Date last checked out Copy number Price effective from Koha item type
    Dewey Decimal Classification     Political Science Central Library, Naharkatiya College Central Library, Naharkatiya College General Stacks 19/09/2024 400.00 11 320 SHA 30333 01/06/2026 13/05/2026 13/05/2026 1 19/09/2024 Books
    Dewey Decimal Classification     Political Science Central Library, Naharkatiya College Central Library, Naharkatiya College General Stacks 19/09/2024 400.00 1 320 SHA 30334 08/11/2024 21/10/2024 21/10/2024 2 19/09/2024 Books

Naharkatiya College © 2020. All rights reserved.

Powered By